MARC details
| 000 -LEADER |
| fixed length control field |
01927cam a2200517 i 4500 |
| 001 - CONTROL NUMBER |
| control field |
20421255 |
| 003 - CONTROL NUMBER IDENTIFIER |
| control field |
OSt |
| 005 - DATE AND TIME OF LATEST TRANSACTION |
| control field |
20190918124306.0 |
| 008 - FIXED-LENGTH DATA ELEMENTS--GENERAL INFORMATION |
| fixed length control field |
171128s2018 ii b 001 0 eng d |
| 010 ## - LIBRARY OF CONGRESS CONTROL NUMBER |
| LC control number |
2017353201 |
| 020 ## - INTERNATIONAL STANDARD BOOK NUMBER |
| International Standard Book Number |
9789351482697 |
| Qualifying information |
(hardback) |
| 020 ## - INTERNATIONAL STANDARD BOOK NUMBER |
| International Standard Book Number |
9351482693 |
| Qualifying information |
(hardback) |
| 025 ## - OVERSEAS ACQUISITION NUMBER |
| Overseas acquisition number |
I-E-2017353201 ; 05 ; 13-90 |
| 035 ## - SYSTEM CONTROL NUMBER |
| System control number |
(OCoLC)on1023544545 |
| 035 ## - SYSTEM CONTROL NUMBER |
| System control number |
(OCoLC)1023544545 |
| 037 ## - SOURCE OF ACQUISITION |
| Source of stock number/acquisition |
Library of Congress -- New Delhi Overseas Office |
| 040 ## - CATALOGING SOURCE |
| Original cataloging agency |
DKAGE |
| Language of cataloging |
eng |
| Description conventions |
rda |
| Transcribing agency |
DKAGE |
| Modifying agency |
OCLCF |
| -- |
OCLCO |
| -- |
DLC |
| 042 ## - AUTHENTICATION CODE |
| Authentication code |
lccopycat |
| -- |
lcode |
| 043 ## - GEOGRAPHIC AREA CODE |
| Geographic area code |
a-ii--- |
| 050 00 - LIBRARY OF CONGRESS CALL NUMBER |
| Classification number |
BR127 |
| Item number |
.C412 2018 |
| 082 04 - DEWEY DECIMAL CLASSIFICATION NUMBER |
| Classification number |
261.2 |
| Edition number |
23 |
| Item number |
SE469R |
| 100 1# - MAIN ENTRY--PERSONAL NAME |
| Personal name |
Celvanāyakam, Israyēl, |
| Relator term |
author. |
| 245 10 - TITLE STATEMENT |
| Title |
Religion and religions : |
| Remainder of title |
an interfaith perspective / |
| Statement of responsibility, etc. |
Israel Selvanayagam. |
| 250 ## - EDITION STATEMENT |
| Edition statement |
1st edition. |
| 264 #1 - PRODUCTION, PUBLICATION, DISTRIBUTION, MANUFACTURE, AND COPYRIGHT NOTICE |
| Place of production, publication, distribution, manufacture |
New Delhi : |
| Name of producer, publisher, distributor, manufacturer |
Christian World Imprints, |
| Date of production, publication, distribution, manufacture, or copyright notice |
2018. |
| 300 ## - PHYSICAL DESCRIPTION |
| Extent |
xx, 259 pages ; |
| Dimensions |
24 cm. |
| 336 ## - CONTENT TYPE |
| Content type term |
text |
| Content type code |
txt |
| Source |
rdacontent |
| 337 ## - MEDIA TYPE |
| Media type term |
unmediated |
| Media type code |
n |
| Source |
rdamedia |
| 338 ## - CARRIER TYPE |
| Carrier type term |
volume |
| Carrier type code |
nc |
| Source |
rdacarrier |
| 490 1# - SERIES STATEMENT |
| Series statement |
Interfaith treasures uncovered ; |
| Volume/sequential designation |
13 |
| 504 ## - BIBLIOGRAPHY, ETC. NOTE |
| Bibliography, etc. note |
Includes bibliographical references (pages 243-252) and index. |
| 650 #0 - SUBJECT ADDED ENTRY--TOPICAL TERM |
| Topical term or geographic name entry element |
Christianity and other religions |
| Geographic subdivision |
India. |
| 650 #0 - SUBJECT ADDED ENTRY--TOPICAL TERM |
| Topical term or geographic name entry element |
Religions |
| General subdivision |
Relations. |
| 650 #0 - SUBJECT ADDED ENTRY--TOPICAL TERM |
| Topical term or geographic name entry element |
Implicit religion |
| Geographic subdivision |
India. |
| 650 #0 - SUBJECT ADDED ENTRY--TOPICAL TERM |
| Topical term or geographic name entry element |
Religious pluralism |
| Geographic subdivision |
India. |
| 650 #7 - SUBJECT ADDED ENTRY--TOPICAL TERM |
| Topical term or geographic name entry element |
Christianity. |
| Source of heading or term |
fast |
| Authority record control number or standard number |
(OCoLC)fst00859599 |
| 650 #7 - SUBJECT ADDED ENTRY--TOPICAL TERM |
| Topical term or geographic name entry element |
Implicit religion. |
| Source of heading or term |
fast |
| Authority record control number or standard number |
(OCoLC)fst00968178 |
| 650 #7 - SUBJECT ADDED ENTRY--TOPICAL TERM |
| Topical term or geographic name entry element |
Interfaith relations. |
| Source of heading or term |
fast |
| Authority record control number or standard number |
(OCoLC)fst01353343 |
| 650 #7 - SUBJECT ADDED ENTRY--TOPICAL TERM |
| Topical term or geographic name entry element |
Religions |
| General subdivision |
Relations. |
| Source of heading or term |
fast |
| Authority record control number or standard number |
(OCoLC)fst01093912 |
| 650 #7 - SUBJECT ADDED ENTRY--TOPICAL TERM |
| Topical term or geographic name entry element |
Religious pluralism. |
| Source of heading or term |
fast |
| Authority record control number or standard number |
(OCoLC)fst01094200 |
| 651 #7 - SUBJECT ADDED ENTRY--GEOGRAPHIC NAME |
| Geographic name |
India. |
| Source of heading or term |
fast |
| Authority record control number or standard number |
(OCoLC)fst01210276 |
| 830 #0 - SERIES ADDED ENTRY--UNIFORM TITLE |
| Uniform title |
Interfaith treasures uncovered ; |
| Volume/sequential designation |
13. |
| 906 ## - LOCAL DATA ELEMENT F, LDF (RLIN) |
| a |
7 |
| b |
cbc |
| c |
copycat |
| d |
3 |
| e |
ncip |
| f |
20 |
| g |
y-gencatlg |
| 942 ## - ADDED ENTRY ELEMENTS (KOHA) |
| Source of classification or shelving scheme |
Dewey Decimal Classification |
| Koha item type |
Books |